1042 1388 1828 1375 1000 1109 1174 1496 1377 1188 1775 1203 1270 1572 1975 1201 1394 1926 1071 1453 1965 1147 1170 1179 1612 1757 1073 1816 1083 1245 1933 1074 1037 1549 1300 1179 1563 1404 1971 1282 1951 1971 2000 1367 1173 1141 1059 1432 1215 1204 1982 1781 1711 1279 1769 1265 1600 1743 1021 1683 1722 1299 1039 1878 1712 1770 1466 1238 1736 1860 1079 1223 1360 1279 1075 1575 1786 1578 1605 1079 1538 1009 1400 1181 1766 1641 1165 1526 1831 1907 1767 1703 1355 1377 1737 1276 1305 1278 1534 BCNSPRNW ULIB Ver.6.0+V

เปลี่ยนเป็นภาษาไทย

Change to English
 แสดงรายละเอียดบรรณานุกรม
  กลับหน้าหลัก

Brief Record : Get Marc (ISO 2709) : E-mail record : QR code < ปิดหน้าต่าง
LEADER : 00000nam 2200000uu 4500
001    13399127380
003     ULIB
008    020711s2020 th a 000 0 eng d
020    ^a9780323595421
060    ^aWY100^bH371U
100    ^aHaugen Nancy , Galura J. Sandra (Author)
245    ^aUlrich & Canale s Nursing Care Planning Guides: Prioritization, Delegation, and Clinical Reasoning
250    ^a8th ed
260    ^aSt.Louis, Missouri :^bELSEVIER,^c2020
300    ^a912 pages;^b28 cm
650    ^aNursing Care Planning
945    ^p1636^l0^i007048
999    ^aอังศุธร กาญจนาโรจน์พันธ์
รายการนี้ยังไม่มีแท็ก
คุณยังไม่ได้ล็อกอิน คุณสามารถมีกิจกรรมร่วมกับเว็บไซต์ได้ แต่ต้องล็อกอินก่อน ::
  ล็อกอิน

รายการสื่อสารสนเทศ

ลำดับที่ ประเภท เลขเรียก/บาร์โค้ด สถานที่ สถานะ
1. Book การพยาบาล
หนังสือสำรอง
สถานะ=หนังสือสำรอง
WY100 H371U ฉ.1 
  Barcode: 007048
ห้องสมุดวิทยาเขตสวรรค์ประชารักษ์
►หนังสือทั่วไป
บนชั้น

รายการใกล้เคียง
    ชื่อเรื่อง [Ulrich & Canale s Nursing Care Planning Guides: Prioritization, Delegation, and Clinical Reasoning]

    หัวเรื่อง [Nursing Care Planning]

BibComment


ยังไม่เคยถูกคอมเมนท์

คอมเมนท์ทรัพยากรรายการนี้
  คอมเมนท์: Ulrich Canale s..


 Copyright 2026. Bcnsprnw @Library